Những quy định pháp luật về dân sự và tố tụng dân sự Hệ thống hóa những quy định pháp luật hiện hành mới nhất về Dân sự và Tố tụng dân sự

Na minha lista:
Detalhes bibliográficos
Autor principal: NGUYỄN NGỌC ĐIỆP
Formato: Livro
Idioma:Undetermined
Publicado em: Cà Mau Nxb. Mũi Cà Mau 1998
Assuntos:
Tags: Adicionar Tag
Sem tags, seja o primeiro a adicionar uma tag!
Thư viện lưu trữ: Trung tâm Học liệu Trường Đại học Cần Thơ
LEADER 00718nam a2200181Ia 4500
001 CTU_46859
008 210402s9999 xx 000 0 und d
082 |a 347.59705 
082 |b Đ307/1998 
100 |a NGUYỄN NGỌC ĐIỆP 
245 0 |a Những quy định pháp luật về dân sự và tố tụng dân sự 
245 0 |b Hệ thống hóa những quy định pháp luật hiện hành mới nhất về Dân sự và Tố tụng dân sự 
245 0 |c NGUYỄN NGỌC ĐIỆP 
260 |a Cà Mau 
260 |b Nxb. Mũi Cà Mau 
260 |c 1998 
650 |a civil procedure - vietnam 
980 |a Trung tâm Học liệu Trường Đại học Cần Thơ